Babylon and beyond the economics of anti-capitalist, anti-globalist, and radical green movements /

Bibliographic Details
Main Author: Wall, Derek.
Corporate Author: ProQuest (Firm)
Format: Electronic eBook
Language:English
Published: London ; Ann Arbor, Mich. : Pluto Press, 2005.
Subjects:
Online Access:Click to View
LEADER 01480nam a2200409 a 4500
001 EBC3386452
003 MiAaPQ
005 20200520144314.0
006 m o d |
007 cr cn|||||||||
008 060221s2005 enkac sb 001 0 eng d
010 |z  2006295466 
020 |z 0745323901 
020 |z 074532391X (hardback) 
020 |z 9780745323916 
020 |a 9781849642781 (electronic bk.) 
035 |a (MiAaPQ)EBC3386452 
035 |a (Au-PeEL)EBL3386452 
035 |a (CaPaEBR)ebr10480053 
035 |a (CaONFJC)MIL175083 
035 |a (OCoLC)666935260 
040 |a MiAaPQ  |c MiAaPQ  |d MiAaPQ 
050 4 |a HB97.7  |b .W35 2005 
082 0 4 |a 330.1  |2 22 
100 1 |a Wall, Derek. 
245 1 0 |a Babylon and beyond  |h [electronic resource] :  |b the economics of anti-capitalist, anti-globalist, and radical green movements /  |c Derek Wall. 
260 |a London ;  |a Ann Arbor, Mich. :  |b Pluto Press,  |c 2005. 
300 |a xv, 220 p. :  |b ill., port. 
504 |a Includes bibliographical references and index. 
533 |a Electronic reproduction. Ann Arbor, MI : ProQuest, 2015. Available via World Wide Web. Access may be limited to ProQuest affiliated libraries. 
650 0 |a Radical economics. 
650 0 |a Capitalism. 
650 0 |a Anti-globalization movement. 
650 0 |a Green movement. 
655 4 |a Electronic books. 
710 2 |a ProQuest (Firm) 
856 4 0 |u https://ebookcentral.proquest.com/lib/matrademy/detail.action?docID=3386452  |z Click to View